Experiments in physical chemistry
This best-selling comprehensive lab manual includes forty-eight labs with theoretical notes, safety recommendations, and computer applications. Significant updating has been done to the treatment of experimental data and the use of computers.
Gorde:
| Egile nagusia: | |
|---|---|
| Formatua: | Liburua |
| Hizkuntza: | Undetermined |
| Argitaratua: |
New York
McGraw-Hill
1996
|
| Gaiak: | |
| Etiketak: |
Etiketa erantsi
Etiketarik gabe, Izan zaitez lehena erregistro honi etiketa jartzen!
|
| Thư viện lưu trữ: | Trung tâm Học liệu Trường Đại học Cần Thơ |
|---|
| LEADER | 00936nam a2200253Ia 4500 | ||
|---|---|---|---|
| 001 | CTU_32138 | ||
| 008 | 210402s9999 xx 000 0 und d | ||
| 020 | |b 1.340.000đ | ||
| 020 | |c 29.50 | ||
| 082 | |a 541.3078 | ||
| 082 | |b S559 | ||
| 100 | |a Shoemaker, David P. | ||
| 245 | 0 | |a Experiments in physical chemistry | |
| 245 | 0 | |c David P Shoemaker, Carl W Garland, Joseph W Nibber | |
| 260 | |a New York | ||
| 260 | |b McGraw-Hill | ||
| 260 | |c 1996 | ||
| 520 | |a This best-selling comprehensive lab manual includes forty-eight labs with theoretical notes, safety recommendations, and computer applications. Significant updating has been done to the treatment of experimental data and the use of computers. | ||
| 526 | |a TT. Hóa lý | ||
| 526 | |b TN110 | ||
| 650 | |a C hemistry, physical and theoretical | ||
| 650 | |x Laboratory manuals | ||
| 904 | |i Minh, 990720 | ||
| 980 | |a Trung tâm Học liệu Trường Đại học Cần Thơ | ||